LEADER 00782nam0-2200277 --450 001 9910312153103321 005 20190312124251.0 010 $a978-88-87132-99-1 100 $a20190312d2015----kmuy0itay5050 ba 101 0 $aita 102 $aIT 105 $a 001yy 200 1 $aCanzonieri in morte$eper un'etica poetica del lutto$fFrancesco Giusti 210 $aL'Aquila$cTextus$d2015 215 $a487 p.$d18 cm. 225 1 $aFilosofia al presente$v8 610 0 $aMorte nella poesia 676 $a809.1$v22 700 1$aGiusti,$bFrancesco$f<1984- >$08194 801 0$aIT$bUNINA$gREICAT$2UNIMARC 901 $aBK 912 $a9910312153103321 952 $a809.1 GIU 2$bBibl.2019$fFLFBC 959 $aFLFBC 996 $aCanzonieri in morte$91546396 997 $aUNINA